000 00552cam a2200181 4500500
005 20260329004257.0
041 _afre
042 _adc
100 1 0 _ade Oliveira, Victorine
_eauthor
245 0 0 _aAristote commenté par Anne Merker
260 _c2019.
500 _a50
690 _aÉthique à Nicomaque
690 _aLien
690 _aPhilia
786 0 _nPhilosophie magazine | 129 | 5 | 2019-05-01 | p. 38-38 | 1951-1787
856 4 1 _uhttps://shs.cairn.info/magazine-philosophie-magazine-2019-5-page-38?lang=fr&redirect-ssocas=7080
999 _c1832403
_d1832403